| 000 | 00335nam a2200145 a 4500 | ||
|---|---|---|---|
| 001 | 330 | ||
| 003 | CDMR | ||
| 005 | 20130708123509.0 | ||
| 008 | 130130s1970||||||||||||||||||||||||||||d | ||
| 040 |
_aCDMR _bcat _cCPC GIRONA |
||
| 100 | 1 |
_aPerich _qPerich, Jaime _9220 |
|
| 245 | 1 | 0 |
_aAutopista _cPerich |
| 260 |
_c1970 _bEstela |
||
| 942 |
_cMON _2udc |
||
| 999 |
_c330 _d330 |
||